000 00507nam a2200181Ia 4500
001 9622
005 20260306161732.0
008 260306t2000||||xx |||||||||||||| ||spa||
041 _aESP
082 _a382.753
_bP59
100 _aPineda Vásquez, Blanca Luz
_eAUT
245 0 _aSistema de preferencias arancelarias de la comunidad andina:
_bla integración económica hecha realidad
260 _c2000
300 _a448 páginas :
_c20 cm.
650 _aGEN
654 _aCAN
942 _cLIB
_dJUS
_fJUS
_2ddc
_n
999 _c9622
_d9622